|
|
|
|
| LEADER |
00000nas a2200000 a 4500 |
| 001 |
ssj0012132 |
| 003 |
WaSeSS |
| 005 |
20200512172242.0 |
| 006 |
m d |
| 007 |
cr n |
| 008 |
010413c19909999vtuqr p s 0 a0eng c |
| 010 |
|
|
|a 2009250653
|
| 022 |
|
|
|a 2161-9131
|y 1053-1297
|
| 035 |
|
|
|a (WaSeSS)ssj0012132
|
| 037 |
|
|
|b Project Muse, 2715 N. Charles St., Baltimore, MD 21218
|
| 040 |
|
|
|a AAA
|b eng
|c AAA
|d OCL
|d OCLCQ
|d AUD
|d BUF
|d OCLCQ
|d EYM
|d DLC
|d OCLCQ
|d DLC
|d OCLCF
|d VT2
|d OCLCQ
|d GILDS
|d WaSeSS
|
| 042 |
|
|
|a pcc
|a nsdp
|
| 050 |
|
4 |
|a PN2
|b .N48
|
| 082 |
0 |
4 |
|a 808.8
|2 19
|
| 130 |
0 |
|
|a New England review (Middlebury, Vt. : Online)
|
| 222 |
|
0 |
|a New England review
|b (Middlebury, Vt. Online)
|
| 245 |
1 |
0 |
|a New England review
|h [electronic resource].
|
| 246 |
1 |
|
|i Also called:
|a NER
|
| 260 |
|
|
|a Middlebury, VT :
|b Middlebury College Publications,
|c 1990-
|
| 310 |
|
|
|a Quarterly
|
| 362 |
1 |
|
|a Began with vol. 13, no. 1 (fall 1990).
|
| 500 |
|
|
|a "Middlebury series."
|
| 506 |
|
|
|a License restrictions may limit access.
|
| 515 |
|
|
|a Some issues published combined.
|
| 538 |
|
|
|a Mode of access: World Wide Web.
|
| 588 |
|
|
|a Description based on: V. 13, no. 1 (fall 1990); title from PDF cover (Periodicals Online Archive, viewed Sept. 24, 2009).
|
| 588 |
|
|
|a Latest issue consulted: V. 32, no. 1 (2011) (publisher's Web site, viewed June 16, 2011).
|
| 650 |
|
0 |
|a Literature
|v Periodicals.
|
| 650 |
|
7 |
|a Literature.
|2 fast
|0 (OCoLC)fst00999953
|
| 655 |
|
0 |
|a Electronic journals.
|
| 710 |
2 |
|
|a Middlebury College.
|
| 776 |
0 |
8 |
|i Print version:
|t New England review (Middlebury, Vt.)
|x 1053-1297
|w (DLC) 91640246
|w (OCoLC)22458982
|
| 780 |
0 |
0 |
|t New England review and Bread Loaf quarterly (Online)
|x 2327-9206
|w (DLC) 2009250654
|w (OCoLC)50611304
|
| 856 |
4 |
0 |
|z Full text available from Research Library: 10/01/1997 to present
|u https://search.proquest.com/publication/48560
|